000 02493nam0a2200373 4500
001 RU\NLR\bibl\998968
005 20250614223612.0
010 _a5-98916-008-9
_9100
021 _aRU
_b2006-52900
_92609
035 _a(nilc)RSL-KNO-002927176
035 _a(NLR Aleph) 000986707
090 _a493185
_c493185
100 _a20060913d2006 |||y0rusy50 ca
101 0 _arus
102 _aRU
105 _aa |||||||||
106 _ar
200 1 _aМетодика преподавания в заочном вузе
_eIII Междунар. науч.-методическая конф.
_eматериалы научной конференции
_f[редкол.: Л. А. Дремова, к.э.н. и др.]
210 _aКурск
_cКурский фил. Всероссийского заочного финансово-экономического ин-та
_d2006
_eКурск
_gМечта
215 _a164 с.
_cил., табл.
_d20
300 _aВ надзаг.: М-во образования и науки Российской Федерации, Федеральное агентство по образованию, ГОУ ВПО Всероссийский заочный финансово-экономический ин-т, Курский фил., Вольное экономическое о-во России, Курская региональная общественная орг.
606 1 _aЗаочное высшее образование
_jСъезды, совещания и т.п.
_xОрганизация учебной работы
_91100007
_3RU\NLR\auth\66432978
610 0 _aКультура. Наука. Просвещение -- Народное образование. Педагогические науки -- Высшее образование. Педагогика высшей школы -- Педагогика высшей школы -- Российская Федерация -- Обучение без отрыва от производства -- Заочное образование -- Материалы конференции
686 _aЧ481,6(2)63я431(0)
_2rubbk
686 _aЧ481.44я431
686 _aЧ481.63я431
702 1 _aДремова
_bЛ. А.
_gЛюдмила Алексеевна
_4340
801 0 _aRU
_bРКП
_c20060913
_grcr
801 1 _aRU
_bРГБ
_c20060913
801 2 _aRU
_bNLR
_c20061019
_grcr
942 _cBOOK
980 _aNB